| 000 | 00670cam a22001811 4500 | ||
|---|---|---|---|
| 082 |
_a621.3121 _bRIC _cL-10, P-45 |
||
| 100 | 1 |
_aRichardson, Ralph Cyril H. _941304 |
|
| 245 | 1 | 4 |
_aThe commissioning of electrical plant and associated problems, _cby R. C. H. Richardson. |
| 250 | _a2d ed., rev. | ||
| 260 |
_aLondon, _bChapman & Hall, _c1946. |
||
| 300 |
_axi, 372 p. _bdiagrs. _c23 cm. |
||
| 490 | 1 | _aA series of monographs on electrical engineering under the editorship of H. P. Young ... Vol. v | |
| 526 |
_a0 _b0 _c0 _d621_312100000000000_RIC |
||
| 650 | 0 |
_aElectric power-plants. _935699 |
|
| 650 | 0 | _aElectrical engineering. | |
| 650 | 0 |
_aMCE _9379 |
|
| 942 |
_2ddc _cBK |
||
| 999 |
_c545449 _d545449 |
||